| 000 | 01209nam0a22002531 4500 | ||
|---|---|---|---|
| 001 | rc\592021 | ||
| 005 | 20260531083306.0 | ||
| 035 | _a(NLR Aleph) 005837104 | ||
| 090 |
_a5639914 _c5639914 |
||
| 100 | _a20031121d1986 |||y0rusy50 ca | ||
| 101 | 0 | _arus | |
| 102 | _aRU | ||
| 105 | _aa ||||||||| | ||
| 200 | 1 |
_aАгробиологическая характеристика новых сортов винограда очень раннего срока созревания и устойчивых к болезням, вредителям, неблагоприятным факторам среды _fВНИИ винограда и продуктов его перераб. "Магарач" _g[Голодрига П.Я.] |
|
| 210 |
_aЯлта _cВНИИВИПП _d1986 |
||
| 215 |
_a43 с. _cил. _d20 |
||
| 702 | 1 |
_4220 _7ca _8rus _aГолодрига _bП. Я. _f1920-1986 _gПавел Яковлевич _3RU\NLR\AUTH\770157108 _9157068 |
|
| 712 | 0 | 2 |
_aВНИИ винограда и продуктов его переработки _cЯлта _3RU\NLR\AUTH\889918863 _9333842 |
| 801 | 0 |
_aRU _bNLR _gpsbo |
|
| 801 | 1 |
_aRU _bELAR _2rusmarc |
|
| 852 |
_aNLR _j87-4/7523 |
||
| 942 | _cBOOK | ||
| 980 | _aNB | ||